00660 2200241 4500001002100000005001700021020001800038035002400056040001200080082001600092084001800108090002200126100001900148245008500167250001000252260003300262300003500295650002100330850001200351990001700363990001700380990002100397YOGYA00000000000057120161102094151.0 a979-3289-02-3 0010-081400000000611 aYOPDYOG 223a005.369 a005.369 Sri A aDEP 005.369 Sri A aSRI KUSUMADEWI aAnalisis dan Desain Sistem Fuzzyb: menggunakan Toolbox Matlabc/ Sri Kusumadewi aCet.1 aYogyakartabGraha Ilmuc2002 ax, 269 hlm.b: ilus.c; 23 cm. aProgram Komputer aYOPDYOG a8181-PD/B.05 a8182-PD/B.05 aCB-D.11/2002-502